| 000 | 00812nam a22002297a 4500 | ||
|---|---|---|---|
| 003 | UA-OsUOA | ||
| 001 | 39660 | ||
| 007 | ta | ||
| 008 | 20080516b un ||||| |||| 00| 0 ukr d | ||
| 090 |
_a050 _bУ45 |
||
| 942 | _cBK | ||
| 040 |
_aUA-OsUOA _bukr _cUA-OsUOA _dUA-OsUOA |
||
| 245 |
_aУкраїнський історичний журнал _b№1(472) _cСічень - лютий 2007 |
||
| 300 | _a240 с. | ||
| 955 | _a4 | ||
| 041 | _aukr | ||
| 080 | _a050 | ||
| 260 |
_aК. _c2007 |
||
| 246 | 3 | 1 | _aНауковий журнал, заснований 1957 р. Виходить 6 разів на рік |
| 650 | 7 |
_a050 Серійні публікації. Періодика галузі, Організація та інші типи поєднання (співробітництва) _2UDC |
|
| 999 |
_c438169 _d438169 |
||